[Event "WYCC Open U12"]
[Site "Porto Carras"]
[Date "2015.10.31"]
[Round "6.7"]
[White "Nihal, Sarin"]
[Black "Ngo, Duc Tri"]
[Result "1-0"]
[BlackElo "1880"]
[WhiteElo "2096"]
[LiveChessVersion "1.4.6"]

1. d4 {[%clk 1:30:34]} d5 {[%clk 1:28:14]} 2. c4 {[%clk 1:30:59]} c6
{[%clk 1:27:35]} 3. Nc3 {[%clk 1:30:16]} Nf6 {[%clk 1:26:56]} 4. Nf3
{[%clk 1:30:40]} dxc4 {[%clk 1:27:21]} 5. a4 {[%clk 1:31:06]} c5 {[%clk 1:27:45]}
6. e4 {[%clk 1:07:55]} Bg4 {[%clk 1:24:39]} 7. Bxc4 {[%clk 0:53:01]} e6
{[%clk 1:08:40]} 8. d5 {[%clk 0:33:19]} exd5 {[%clk 0:58:44]} 9. Nxd5
{[%clk 0:29:59]} Nbd7 {[%clk 0:49:01]} 10. Bf4 {[%clk 0:24:41]} Rc8
{[%clk 0:44:29]} 11. O-O {[%clk 0:21:32]} Nh5 {[%clk 0:35:20]} 12. Qb3
{[%clk 0:15:43]} Be7 {[%clk 0:32:41]} 13. Qxb7 {[%clk 0:11:51]} Nxf4
{[%clk 0:31:41]} 14. Nxf4 {[%clk 0:12:16]} O-O {[%clk 0:30:33]} 15. Rad1
{[%clk 0:11:31]} Rc7 {[%clk 0:29:38]} 16. Qb3 {[%clk 0:11:26]} Bxf3
{[%clk 0:18:57]} 17. Qxf3 {[%clk 0:10:22]} Ne5 {[%clk 0:15:30]} 18. Bxf7+
{[%clk 0:08:33]} Rxf7 {[%clk 0:10:45]} 19. Rxd8+ {[%clk 0:08:56]} Bxd8
{[%clk 0:11:07]} 20. Qg3 {[%clk 0:08:49]} Rce7 {[%clk 0:10:34]} 21. Nd5
{[%clk 0:07:34]} Re8 {[%clk 0:10:38]} 22. b3 {[%clk 0:07:23]} Nc6
{[%clk 0:10:53]} 23. Qd6 {[%clk 0:05:28]} Nd4 {[%clk 0:11:14]} 24. f4
{[%clk 0:03:15]} Ne2+ {[%clk 0:09:51]} 25. Kh1 {[%clk 0:02:57]} Bh4
{[%clk 0:10:03]} 26. g3 {[%clk 0:02:50]} Bxg3 {[%clk 0:10:21]} 27. hxg3
{[%clk 0:03:10]} Nxg3+ {[%clk 0:10:37]} 28. Kg2 {[%clk 0:03:34]} Nxe4
{[%clk 0:10:52]} 29. Qc6 {[%clk 0:03:34]} Ref8 {[%clk 0:11:15]} 30. Qe6
{[%clk 0:03:14]} Nd2 {[%clk 0:08:10]} 31. Ne7+ {[%clk 0:03:21]} Kh8
{[%clk 0:08:30]} 32. Rh1 {[%clk 0:03:50]} Rxe7 {[%clk 0:08:26]} 33. Qxe7
{[%clk 0:04:14]} Rb8 {[%clk 0:08:22]} 34. Rd1 {[%clk 0:04:14]} h6
{[%clk 0:06:37]} 35. Rxd2 {[%clk 0:04:37]} Rxb3 {[%clk 0:06:48]} 36. Rd8+
{[%clk 0:04:59]} Kh7 {[%clk 0:07:13]} 37. Qe4+ {[%clk 0:05:21]} g6
{[%clk 0:07:35]} 38. Qe7# {[%clk 0:05:48]} 1-0

[Event "WYCC Open U12"]
[Site "Porto Carras"]
[Date "2015.10.31"]
[Round "6.8"]
[White "Mitev, Valentin"]
[Black "Turgut, Aydin"]
[Result "0-1"]
[BlackElo "1884"]
[WhiteElo "2090"]
[LiveChessVersion "1.4.6"]

1. d4 {[%clk 1:30:55]} f5 {[%clk 1:30:29]} 2. Nf3 {[%clk 1:30:42]} Nf6
{[%clk 1:30:36]} 3. c4 {[%clk 1:30:53]} e6 {[%clk 1:30:27]} 4. g3
{[%clk 1:31:09]} d5 {[%clk 1:30:11]} 5. Bg2 {[%clk 1:31:20]} c6 {[%clk 1:30:08]}
6. O-O {[%clk 1:31:33]} Bd6 {[%clk 1:29:32]} 7. b3 {[%clk 1:31:54]} Qe7
{[%clk 1:29:34]} 8. Bb2 {[%clk 1:32:16]} O-O {[%clk 1:29:07]} 9. Qc1
{[%clk 1:32:36]} b5 {[%clk 1:18:35]} 10. Ne5 {[%clk 1:17:58]} Bb7
{[%clk 1:01:55]} 11. Ba3 {[%clk 1:04:58]} b4 {[%clk 0:51:24]} 12. Bb2
{[%clk 1:05:15]} Nbd7 {[%clk 0:47:51]} 13. f4 {[%clk 1:00:42]} Ne4
{[%clk 0:34:36]} 14. c5 {[%clk 0:58:02]} Bxe5 {[%clk 0:30:20]} 15. fxe5
{[%clk 0:58:08]} Ba6 {[%clk 0:29:06]} 16. Re1 {[%clk 0:47:43]} f4
{[%clk 0:19:53]} 17. Bxe4 {[%clk 0:41:36]} dxe4 {[%clk 0:19:31]} 18. Nd2
{[%clk 0:41:57]} f3 {[%clk 0:13:03]} 19. exf3 {[%clk 0:41:19]} exf3
{[%clk 0:13:06]} 20. Kf2 {[%clk 0:38:54]} Be2 {[%clk 0:08:19]} 21. Ne4
{[%clk 0:38:29]} Qf7 {[%clk 0:07:21]} 22. Qd2 {[%clk 0:29:23]} Qh5
{[%clk 0:05:46]} 23. Rh1 {[%clk 0:25:45]} Qh3 {[%clk 0:04:08]} 24. Rag1
{[%clk 0:26:07]} h6 {[%clk 0:03:58]} 25. Qxb4 {[%clk 0:24:58]} Bf1
{[%clk 0:02:52]} 26. Ke3 {[%clk 0:14:02]} Bg2 {[%clk 0:03:07]} 27. Nf2
{[%clk 0:07:51]} Qf5 {[%clk 0:03:26]} 28. Qc4 {[%clk 0:06:27]} Bxh1
{[%clk 0:03:28]} 29. Rxh1 {[%clk 0:06:56]} Rad8 {[%clk 0:03:43]} 30. Rf1
{[%clk 0:04:03]} Qg5+ {[%clk 0:03:19]} 31. Ke4 {[%clk 0:04:02]} Qg6+
{[%clk 0:03:30]} 32. Ke3 {[%clk 0:04:23]} Qg5+ {[%clk 0:03:51]} 33. Ke4
{[%clk 0:04:51]} Qd2 {[%clk 0:04:06]} 34. Bc1 {[%clk 0:03:57]} Qxa2
{[%clk 0:02:41]} 35. Qxe6+ {[%clk 0:03:53]} Kh8 {[%clk 0:03:01]} 36. Qc4
{[%clk 0:03:59]} Qe2+ {[%clk 0:03:12]} 37. Be3 {[%clk 0:04:24]} Nf6+
{[%clk 0:03:28]} 38. exf6 {[%clk 0:03:56]} Rde8+ {[%clk 0:03:24]} 39. Kf5 Rxf6+
{[%clk 0:03:04]} 40. Kg4 {[%clk 0:34:39]} Qxe3 {[%clk 0:31:03]} 41. h4
{[%clk 0:34:31]} Rd8 {[%clk 0:27:46]} 42. Kh3 {[%clk 0:33:48]} Rxd4
{[%clk 0:25:30]} 43. Qa6 {[%clk 0:33:52]} Qe2 {[%clk 0:22:24]} 44. Qc8+
{[%clk 0:34:15]} Kh7 {[%clk 0:22:32]} 0-1

[Event "WYCC Open U12"]
[Site "Porto Carras"]
[Date "2015.10.31"]
[Round "6.9"]
[White "Nogerbek, Kazybek"]
[Black "Gines Esteo, Pedro Antonio"]
[Result "1/2-1/2"]
[BlackElo "2065"]
[WhiteElo "1986"]
[LiveChessVersion "1.4.6"]

1. e4 {[%clk 1:30:59]} c6 {[%clk 1:30:17]} 2. d4 {[%clk 1:31:25]} d5
{[%clk 1:30:35]} 3. Nd2 {[%clk 1:31:53]} dxe4 {[%clk 1:30:59]} 4. Nxe4
{[%clk 1:32:19]} Bf5 {[%clk 1:31:06]} 5. Ng3 {[%clk 1:32:40]} Bg6
{[%clk 1:31:23]} 6. h4 {[%clk 1:33:06]} h6 {[%clk 1:31:44]} 7. Nf3
{[%clk 1:33:34]} Nd7 {[%clk 1:32:00]} 8. h5 {[%clk 1:33:59]} Bh7 {[%clk 1:32:26]}
9. Bd3 {[%clk 1:34:26]} Bxd3 {[%clk 1:32:37]} 10. Qxd3 {[%clk 1:34:56]} e6
{[%clk 1:32:50]} 11. Bd2 {[%clk 1:35:17]} Ngf6 {[%clk 1:32:29]} 12. O-O-O
{[%clk 1:35:39]} Be7 {[%clk 1:32:22]} 13. Ne4 {[%clk 1:35:45]} Nxe4
{[%clk 1:32:17]} 14. Qxe4 {[%clk 1:36:11]} Nf6 {[%clk 1:32:40]} 15. Qd3
{[%clk 1:36:36]} Qd5 {[%clk 1:29:14]} 16. c4 {[%clk 1:36:55]} Qe4
{[%clk 1:29:35]} 17. Qb3 {[%clk 1:37:20]} O-O-O {[%clk 1:00:53]} 18. Rde1
{[%clk 1:25:10]} Qh7 {[%clk 0:17:14]} 19. g3 {[%clk 1:21:00]} Ne4
{[%clk 0:12:18]} 20. Qe3 {[%clk 1:11:02]} Nxd2 {[%clk 0:11:19]} 21. Nxd2
{[%clk 1:10:16]} Bf6 {[%clk 0:09:13]} 22. Nf3 {[%clk 1:05:31]} Qf5
{[%clk 0:06:28]} 23. Qe4 {[%clk 1:02:14]} Rd7 {[%clk 0:04:17]} 24. g4
{[%clk 0:55:14]} Qxe4 {[%clk 0:04:04]} 25. Rxe4 {[%clk 0:55:38]} Rhd8
{[%clk 0:04:28]} 26. Rd1 {[%clk 0:43:29]} c5 {[%clk 0:04:30]} 27. Ne5
{[%clk 0:41:22]} Bxe5 {[%clk 0:03:47]} 28. Rxe5 {[%clk 0:40:19]} cxd4
{[%clk 0:03:28]} 29. Rd3 {[%clk 0:39:38]} Rd6 {[%clk 0:01:38]} 30. f4
{[%clk 0:39:08]} Kc7 {[%clk 0:01:02]} 31. Kc2 {[%clk 0:38:15]} b6
{[%clk 0:01:07]} 32. b4 {[%clk 0:38:19]} Kc6 {[%clk 0:00:54]} 33. Kb3
{[%clk 0:37:40]} a6 {[%clk 0:00:51]} 34. a4 {[%clk 0:35:32]} f6 {[%clk 0:01:15]}
35. b5+ {[%clk 0:35:28]} axb5 {[%clk 0:00:48]} 36. axb5+ {[%clk 0:33:09]} Kd7
{[%clk 0:00:45]} 37. Re4 {[%clk 0:32:48]} Kc7 {[%clk 0:00:36]} 38. Kb4
{[%clk 0:32:45]} Kb7 {[%clk 0:00:49]} 39. Kb3 {[%clk 1:02:25]} R8d7
{[%clk 0:30:56]} 40. Kb4 {[%clk 1:00:57]} Kc7 {[%clk 0:30:45]} 41. Kb3
{[%clk 1:01:09]} Kd8 {[%clk 0:20:48]} 42. Kb4 {[%clk 1:01:18]} Ke7
{[%clk 0:21:08]} 43. Kb3 {[%clk 1:00:37]} Kf7 {[%clk 0:18:59]} 44. Kb4
{[%clk 1:00:51]} Ke7 {[%clk 0:16:12]} 45. Kb3 {[%clk 1:00:29]} Rd8
{[%clk 0:16:00]} 46. Kb4 {[%clk 1:00:42]} Kf7 {[%clk 0:16:13]} 47. Rd2
{[%clk 0:58:14]} g5 {[%clk 0:08:21]} 48. hxg6+ {[%clk 0:56:23]} Kxg6
{[%clk 0:08:44]} 49. c5 {[%clk 0:45:58]} bxc5+ {[%clk 0:08:58]} 50. Kxc5
{[%clk 0:46:24]} Rd5+ {[%clk 0:08:45]} 51. Kc6 {[%clk 0:46:09]} Rc8+
{[%clk 0:04:46]} 52. Kb7 {[%clk 0:45:59]} Rc4 {[%clk 0:04:00]} 53. b6
{[%clk 0:43:37]} Rd6 {[%clk 0:03:31]} 54. Rxe6 {[%clk 0:39:43]} Rxe6
{[%clk 0:03:43]} 55. f5+ {[%clk 0:40:08]} Kf7 {[%clk 0:04:10]} 56. fxe6+
{[%clk 0:40:31]} Kxe6 {[%clk 0:04:37]} 57. Ka6 {[%clk 0:40:38]} Kd5
{[%clk 0:03:24]} 58. b7 {[%clk 0:39:22]} Rb4 {[%clk 0:02:14]} 59. Ka7
{[%clk 0:39:29]} Ra4+ {[%clk 0:01:55]} 60. Kb6 {[%clk 0:39:46]} Rb4+
{[%clk 0:02:10]} 61. Ka7 {[%clk 0:39:53]} Ra4+ {[%clk 0:02:15]} 1/2-1/2

[Event "WYCC Open U12"]
[Site "Porto Carras"]
[Date "2015.10.31"]
[Round "6.10"]
[White "Liang, Awonder"]
[Black "Lukin, Elisha"]
[Result "1-0"]
[BlackElo "1995"]
[WhiteElo "2365"]
[LiveChessVersion "1.4.6"]

1. c4 {[%clk 1:30:57]} e5 {[%clk 1:20:52]} 2. g3 {[%clk 1:31:19]} Nf6
{[%clk 1:21:16]} 3. Bg2 {[%clk 1:31:44]} d5 {[%clk 1:21:38]} 4. cxd5
{[%clk 1:32:10]} Nxd5 {[%clk 1:22:04]} 5. Nf3 {[%clk 1:32:28]} Nc6
{[%clk 1:22:28]} 6. O-O {[%clk 1:32:51]} Nb6 {[%clk 1:22:39]} 7. b3
{[%clk 1:33:12]} Be6 {[%clk 1:21:05]} 8. Bb2 {[%clk 1:32:57]} f6 {[%clk 1:20:34]}
9. d4 {[%clk 1:30:53]} e4 {[%clk 1:16:54]} 10. Ne1 {[%clk 1:28:57]} f5
{[%clk 1:15:57]} 11. f3 {[%clk 1:27:59]} Nd5 {[%clk 1:14:08]} 12. fxe4
{[%clk 1:12:43]} Ne3 {[%clk 1:12:17]} 13. Qd3 {[%clk 1:11:13]} Nxf1
{[%clk 1:12:21]} 14. exf5 {[%clk 1:11:19]} Bxf5 {[%clk 1:07:16]} 15. Qxf5
{[%clk 1:08:54]} Ne3 {[%clk 1:06:38]} 16. Qe6+ {[%clk 1:04:58]} Be7
{[%clk 1:04:47]} 17. Qxe3 {[%clk 1:04:27]} O-O {[%clk 1:05:09]} 18. Nf3
{[%clk 1:04:25]} Re8 {[%clk 1:03:48]} 19. Qd3 {[%clk 1:03:59]} Qd7
{[%clk 1:03:26]} 20. Nbd2 {[%clk 0:59:56]} Rad8 {[%clk 1:03:30]} 21. e3
{[%clk 0:58:38]} Nb4 {[%clk 1:03:27]} 22. Qc4+ {[%clk 0:58:35]} Qd5
{[%clk 1:03:29]} 23. Qc3 {[%clk 0:57:55]} Qh5 {[%clk 1:02:10]} 24. Ne5
{[%clk 0:56:13]} c6 {[%clk 0:59:55]} 25. Qc4+ {[%clk 0:56:01]} Nd5
{[%clk 1:00:17]} 26. e4 {[%clk 0:55:59]} b5 {[%clk 1:00:43]} 27. Qxc6
{[%clk 0:56:06]} Rd6 {[%clk 0:58:15]} 28. Qxb5 {[%clk 0:56:24]} Ne3
{[%clk 0:58:41]} 29. Bf3 {[%clk 0:56:39]} 1-0

[Event "WYCC Open U12"]
[Site "Porto Carras"]
[Date "2015.10.31"]
[Round "6.11"]
[White "Keymer, Vincent"]
[Black "Kacharava, Nikolozi"]
[Result "1-0"]
[BlackElo "1956"]
[WhiteElo "2347"]
[LiveChessVersion "1.4.6"]

1. d4 {[%clk 1:30:57]} d5 {[%clk 1:30:52]} 2. c4 {[%clk 1:31:23]} e6
{[%clk 1:31:17]} 3. Nc3 {[%clk 1:31:50]} Bb4 {[%clk 1:31:33]} 4. Nf3
{[%clk 1:32:03]} Nf6 {[%clk 1:31:44]} 5. cxd5 {[%clk 1:32:28]} exd5
{[%clk 1:32:06]} 6. Bg5 {[%clk 1:32:54]} h6 {[%clk 1:32:23]} 7. Bh4
{[%clk 1:33:20]} c5 {[%clk 1:32:40]} 8. dxc5 {[%clk 1:33:08]} Nc6
{[%clk 1:32:17]} 9. e3 {[%clk 1:33:19]} g5 {[%clk 1:29:27]} 10. Bg3
{[%clk 1:33:45]} Ne4 {[%clk 1:29:32]} 11. Rc1 {[%clk 1:33:55]} Qa5
{[%clk 1:26:47]} 12. Be2 {[%clk 1:33:31]} Nxc3 {[%clk 1:16:04]} 13. bxc3
{[%clk 1:33:55]} Bxc3+ {[%clk 1:09:38]} 14. Kf1 {[%clk 1:34:20]} Bf6
{[%clk 0:59:59]} 15. Bd6 {[%clk 1:29:01]} Bf5 {[%clk 0:47:05]} 16. Qxd5
{[%clk 1:22:33]} Qa3 {[%clk 0:36:05]} 17. Rd1 {[%clk 1:16:56]} Be6
{[%clk 0:30:58]} 18. Qd3 {[%clk 1:07:34]} Qxd3 {[%clk 0:28:39]} 19. Bxd3
{[%clk 1:05:49]} Bxa2 {[%clk 0:27:50]} 20. Nd2 {[%clk 0:53:32]} Bd5
{[%clk 0:21:04]} 21. Ne4 {[%clk 0:48:29]} Bxe4 {[%clk 0:18:32]} 22. Bxe4
{[%clk 0:48:53]} a5 {[%clk 0:16:45]} 23. Rb1 {[%clk 0:46:48]} Nd8
{[%clk 0:16:32]} 24. Ke2 {[%clk 0:41:50]} a4 {[%clk 0:13:26]} 25. Rxb7
{[%clk 0:41:18]} Nxb7 {[%clk 0:12:59]} 26. Bxb7 {[%clk 0:41:45]} Kd7
{[%clk 0:12:40]} 27. Rd1 {[%clk 0:39:07]} a3 {[%clk 0:07:27]} 28. Bf3
{[%clk 0:27:06]} a2 {[%clk 0:05:18]} 29. c6+ {[%clk 0:27:30]} Ke8
{[%clk 0:05:21]} 30. c7 {[%clk 0:27:00]} Kd7 {[%clk 0:05:27]} 31. Be5+
{[%clk 0:24:24]} Ke7 {[%clk 0:05:48]} 32. Bxf6+ {[%clk 0:24:37]} Kxf6
{[%clk 0:06:14]} 33. Bxa8 {[%clk 0:25:03]} Rxa8 {[%clk 0:06:41]} 34. Ra1
{[%clk 0:24:59]} Ke6 {[%clk 0:06:02]} 35. c8=Q+ {[%clk 0:25:18]} Rxc8
{[%clk 0:06:28]} 36. Rxa2 {[%clk 0:25:43]} Kf5 {[%clk 0:05:02]} 37. Kf3
{[%clk 0:24:25]} f6 {[%clk 0:04:09]} 38. Ra6 {[%clk 0:22:55]} Kg6
{[%clk 0:02:13]} 39. Ra5 {[%clk 0:18:11]} Rc6 {[%clk 0:00:58]} 40. h4
{[%clk 0:41:33]} gxh4 {[%clk 0:30:31]} 41. Ra4 {[%clk 0:38:32]} f5
{[%clk 0:28:40]} 42. Rxh4 {[%clk 0:38:50]} Ra6 {[%clk 0:28:52]} 43. Rb4
{[%clk 0:38:02]} h5 {[%clk 0:25:59]} 44. Kg3 {[%clk 0:37:18]} Rc6
{[%clk 0:23:15]} 45. Rb8 {[%clk 0:34:55]} Rc4 {[%clk 0:22:22]} 46. Rb6+
{[%clk 0:33:47]} Kg7 {[%clk 0:22:14]} 47. Rd6 {[%clk 0:33:31]} Ra4
{[%clk 0:21:34]} 48. f3 {[%clk 0:29:59]} Rb4 {[%clk 0:20:07]} 49. Re6
{[%clk 0:27:41]} Ra4 {[%clk 0:19:30]} 50. Kh3 {[%clk 0:27:28]} Rb4
{[%clk 0:18:58]} 51. g3 {[%clk 0:26:16]} Ra4 {[%clk 0:17:58]} 52. e4
{[%clk 0:23:02]} fxe4 {[%clk 0:17:26]} 53. Rxe4 {[%clk 0:19:46]} Ra2
{[%clk 0:15:06]} 54. Re6 {[%clk 0:18:00]} Rf2 {[%clk 0:13:25]} 55. f4
{[%clk 0:17:45]} Ra2 {[%clk 0:13:27]} 56. Rb6 {[%clk 0:14:11]} Rc2
{[%clk 0:13:12]} 57. Ra6 {[%clk 0:13:10]} Rb2 {[%clk 0:13:34]} 58. Kh4
{[%clk 0:12:04]} Rg2 {[%clk 0:08:03]} 59. Ra5 {[%clk 0:10:55]} Rh2+
{[%clk 0:08:08]} 60. Kg5 {[%clk 0:11:21]} Rh3 {[%clk 0:07:31]} 61. Ra3
{[%clk 0:11:00]} Kf7 {[%clk 0:07:17]} 62. f5 {[%clk 0:08:02]} Kg7
{[%clk 0:07:04]} 63. f6+ {[%clk 0:06:36]} Kh7 {[%clk 0:05:16]} 64. Rb3
{[%clk 0:06:24]} h4 {[%clk 0:05:01]} 65. Rb7+ {[%clk 0:06:50]} Kg8
{[%clk 0:05:00]} 66. g4 {[%clk 0:06:52]} Rg3 {[%clk 0:04:21]} 67. Kxh4
{[%clk 0:07:14]} Ra3 {[%clk 0:04:47]} 68. Kh5 {[%clk 0:07:32]} 1-0

[Event "WYCC Open U12"]
[Site "Porto Carras"]
[Date "2015.10.31"]
[Round "6.12"]
[White "Spyropoulos, Nikolaos"]
[Black "Baasansuren, Erdene"]
[Result "1-0"]
[BlackElo "2287"]
[WhiteElo "2023"]
[LiveChessVersion "1.4.6"]

1. e4 {[%clk 1:30:55]} c5 {[%clk 1:30:42]} 2. Nf3 {[%clk 1:31:17]} d6
{[%clk 1:30:56]} 3. d4 {[%clk 1:31:41]} cxd4 {[%clk 1:31:01]} 4. Nxd4
{[%clk 1:31:52]} Nf6 {[%clk 1:30:55]} 5. Nc3 {[%clk 1:32:11]} a6 {[%clk 1:30:38]}
6. Be3 {[%clk 1:32:08]} e5 {[%clk 1:30:27]} 7. Nf3 {[%clk 1:31:47]} Be7
{[%clk 1:28:53]} 8. Bc4 {[%clk 1:31:01]} O-O {[%clk 1:27:13]} 9. h3
{[%clk 1:30:24]} Be6 {[%clk 1:25:00]} 10. Bb3 {[%clk 1:24:37]} h6
{[%clk 1:19:34]} 11. O-O {[%clk 1:22:18]} Nbd7 {[%clk 1:18:16]} 12. a4
{[%clk 1:14:24]} Qc7 {[%clk 1:12:53]} 13. Nd2 {[%clk 1:10:41]} Rac8
{[%clk 1:07:55]} 14. Qe2 {[%clk 1:08:37]} Nc5 {[%clk 1:05:41]} 15. f4
{[%clk 1:03:17]} exf4 {[%clk 1:03:53]} 16. Bxf4 {[%clk 1:01:05]} Nxb3
{[%clk 0:57:48]} 17. cxb3 {[%clk 1:00:46]} Bxb3 {[%clk 0:57:22]} 18. Nxb3
{[%clk 0:54:56]} Qb6+ {[%clk 0:57:29]} 19. Kh1 {[%clk 0:51:45]} Qxb3
{[%clk 0:57:28]} 20. Rf3 {[%clk 0:51:03]} Qc4 {[%clk 0:52:07]} 21. Rd3
{[%clk 0:44:29]} Rfe8 {[%clk 0:46:02]} 22. Qf3 {[%clk 0:43:36]} Qb4
{[%clk 0:41:30]} 23. Rf1 {[%clk 0:38:36]} Rc6 {[%clk 0:32:42]} 24. Nd5
{[%clk 0:26:09]} Qxe4 {[%clk 0:29:08]} 25. Nxf6+ {[%clk 0:26:21]} Bxf6
{[%clk 0:29:29]} 26. Re3 {[%clk 0:26:38]} d5 {[%clk 0:28:36]} 27. Rxe4
{[%clk 0:26:27]} dxe4 {[%clk 0:29:02]} 28. Qb3 {[%clk 0:26:24]} b5
{[%clk 0:27:08]} 29. Be3 {[%clk 0:23:16]} Rb8 {[%clk 0:26:20]} 30. Bxh6
{[%clk 0:18:27]} Rd8 {[%clk 0:24:28]} 31. axb5 {[%clk 0:15:27]} Rb6
{[%clk 0:24:33]} 32. Qe3 {[%clk 0:12:50]} Bd4 {[%clk 0:24:27]} 33. Qg5
{[%clk 0:11:24]} Rdd6 {[%clk 0:21:16]} 34. Qe7 {[%clk 0:09:24]} Bf6
{[%clk 0:20:49]} 35. Qe8+ {[%clk 0:08:33]} Kh7 {[%clk 0:21:12]} 36. Be3
{[%clk 0:08:07]} Rxb5 {[%clk 0:21:40]} 37. Qxe4+ {[%clk 0:07:10]} Kg8
{[%clk 0:21:27]} 38. Qe8+ {[%clk 0:06:34]} Kh7 {[%clk 0:21:53]} 39. Qxf7
{[%clk 0:06:44]} Rxb2 {[%clk 0:20:54]} 40. Bc5 {[%clk 0:36:52]} Rc6
{[%clk 0:51:15]} 41. Qh5+ 1-0

[Event "WYCC Open U12"]
[Site "Porto Carras"]
[Date "2015.11.01"]
[Round "7.1"]
[White "Abdusattorov, Nodirbek"]
[Black "Muradli, Mahammad"]
[Result "1-0"]
[BlackElo "2121"]
[WhiteElo "2432"]
[LiveChessVersion "1.4.6"]

1. e4 {[%clk 1:30:57]} c5 {[%clk 1:30:31]} 2. Nf3 {[%clk 1:31:13]} d6
{[%clk 1:30:58]} 3. d4 {[%clk 1:31:32]} cxd4 {[%clk 1:31:21]} 4. Nxd4
{[%clk 1:31:57]} Nf6 {[%clk 1:31:43]} 5. Nc3 {[%clk 1:32:20]} a6 {[%clk 1:32:10]}
6. Be3 {[%clk 1:32:31]} e5 {[%clk 1:32:13]} 7. Nb3 {[%clk 1:32:48]} Be6
{[%clk 1:32:37]} 8. f3 {[%clk 1:32:53]} Be7 {[%clk 1:32:36]} 9. Qd2
{[%clk 1:33:05]} O-O {[%clk 1:32:52]} 10. O-O-O {[%clk 1:33:11]} a5
{[%clk 1:32:57]} 11. Kb1 {[%clk 1:31:37]} a4 {[%clk 1:28:28]} 12. Nc1
{[%clk 1:31:26]} a3 {[%clk 1:28:29]} 13. b3 {[%clk 1:31:31]} Nc6 {[%clk 1:28:27]}
14. Nd5 {[%clk 1:31:01]} Bxd5 {[%clk 1:24:43]} 15. exd5 {[%clk 1:31:23]} Nb8
{[%clk 1:25:06]} 16. Qb4 {[%clk 1:23:35]} Qd7 {[%clk 1:23:35]} 17. c4
{[%clk 1:12:54]} e4 {[%clk 1:21:01]} 18. Be2 {[%clk 1:04:39]} Na6
{[%clk 0:54:21]} 19. Qd2 {[%clk 0:56:39]} b5 {[%clk 0:47:00]} 20. cxb5
{[%clk 0:52:00]} Nc7 {[%clk 0:46:47]} 21. Bc4 {[%clk 0:51:31]} Nxb5
{[%clk 0:45:33]} 22. Ne2 {[%clk 0:51:40]} Rfc8 {[%clk 0:42:11]} 23. fxe4
{[%clk 0:39:53]} Rab8 {[%clk 0:30:03]} 24. Qd3 {[%clk 0:32:36]} Na7
{[%clk 0:19:35]} 25. h3 {[%clk 0:30:40]} Rc7 {[%clk 0:17:10]} 26. e5
{[%clk 0:26:55]} Ne8 {[%clk 0:16:18]} 27. e6 {[%clk 0:26:25]} fxe6
{[%clk 0:16:25]} 28. dxe6 {[%clk 0:26:48]} Qd8 {[%clk 0:15:52]} 29. Nf4
{[%clk 0:22:46]} Nf6 {[%clk 0:15:01]} 30. Bd4 {[%clk 0:22:27]} Nc6 31. Bxf6
{[%clk 0:22:47]} gxf6 {[%clk 0:10:20]} 32. Nd5 {[%clk 0:23:03]} Kh8
{[%clk 0:09:29]} 33. Nxc7 {[%clk 0:21:30]} Qxc7 {[%clk 0:09:29]} 34. Qf5
{[%clk 0:20:34]} Rg8 {[%clk 0:05:25]} 35. Bd3 {[%clk 0:20:15]} Rg7
{[%clk 0:05:33]} 36. Rc1 {[%clk 0:19:30]} Qb6 {[%clk 0:05:45]} 37. Qe4
{[%clk 0:19:36]} Nd8 {[%clk 0:01:28]} 38. Rhf1 {[%clk 0:17:56]} Qa5
{[%clk 0:01:12]} 39. g4 {[%clk 0:17:03]} d5 {[%clk 0:01:15]} 40. Qf5
{[%clk 0:47:07]} Kg8 {[%clk 0:30:36]} 41. Rc2 {[%clk 0:44:52]} Nb7
{[%clk 0:29:02]} 42. Qh5 {[%clk 0:44:05]} Nd6 {[%clk 0:27:02]} 43. g5
{[%clk 0:42:19]} f5 {[%clk 0:23:34]} 44. Bxf5 {[%clk 0:38:18]} Nxf5
{[%clk 0:22:08]} 45. Rc8+ {[%clk 0:38:01]} Bf8 {[%clk 0:22:20]} 46. Qe8
{[%clk 0:38:13]} Qb4 {[%clk 0:22:21]} 47. Qxf8+ {[%clk 0:38:22]} Qxf8
{[%clk 0:22:49]} 48. Rxf8+ {[%clk 0:38:51]} Kxf8 {[%clk 0:23:17]} 49. Rxf5+
{[%clk 0:39:19]} Ke8 {[%clk 0:21:43]} 50. Rxd5 {[%clk 0:39:37]} Rg6
{[%clk 0:21:07]} 51. Ra5 {[%clk 0:38:54]} Rxe6 {[%clk 0:20:12]} 52. Rxa3
{[%clk 0:38:49]} Re1+ {[%clk 0:20:16]} 53. Kc2 {[%clk 0:39:11]} Re2+
{[%clk 0:20:34]} 54. Kc3 {[%clk 0:36:19]} Re3+ {[%clk 0:20:46]} 55. Kb4
{[%clk 0:36:36]} Rxh3 {[%clk 0:21:08]} 56. Ra7 {[%clk 0:36:57]} Rh4+
{[%clk 0:21:00]} 57. Ka3 {[%clk 0:36:31]} Kd8 {[%clk 0:21:05]} 58. b4
{[%clk 0:36:51]} Rh2 {[%clk 0:21:06]} 59. Kb3 {[%clk 0:37:07]} Kc8
{[%clk 0:21:16]} 60. a3 {[%clk 0:37:31]} Rh3+ {[%clk 0:21:12]} 61. Ka4
{[%clk 0:38:00]} Rh4 {[%clk 0:21:32]} 62. Rg7 {[%clk 0:38:19]} Rh5
{[%clk 0:20:29]} 63. b5 {[%clk 0:38:33]} Kb8 {[%clk 0:20:08]} 64. Ka5
{[%clk 0:38:49]} Rh3 {[%clk 0:20:25]} 65. a4 {[%clk 0:39:04]} 1-0